000 00344nam a2200133Ia 4500
005 20260328104305.0
008 260328s9999||||xx |||||||||||||| ||und||
100 _aUribe Vélez, Álvaro
245 0 _aNo hay causa perdida /
_cÁlvaro Uribe Vélez
260 _bA Celebra book
300 _a344 p.
650 _aURIBE VELEZ - 1952
942 _cBK
999 _c10734
_d10734